[Event "KNSB TCh-NED 2007-8"]
[Site "Netherlands NED"]
[Date "2007.10.06"]
[Round "2"]
[White "Kasimdzhanov,R"]
[Black "Lemmers,O"]
[Result "1-0"]
[WhiteElo "2690"]
[BlackElo "2390"]

1.e4 c5 2.Nf3 e6 3.d4 cxd4 4.Nxd4 a6 5.Nc3 Qc7 6.Bd3 Nf6 7.Qe2 b5 8.e5 b4
9.Ncb5 axb5 10.Nxb5 Qd8 11.exf6 gxf6 12.Bf4 d6 13.O-O Be7 14.Qg4 Bf8 15.Rad1 e5
16.Qf3 Ra5 17.Rfe1 Bd7 18.Bc4 Qc8 19.Bxe5 Qxc4 20.Bxd6+ Be6 21.Rxe6+ fxe6
22.Qh5+ Kd7 23.Bxf8+ Kc6 24.Qe8+ Kb6 25.Qxb8+  1-0

[Event "WJun Girls"]
[Site "Yerevan ARM"]
[Date "2007.10.06"]
[Round "4"]
[White "Zawadzka,J"]
[Black "Markantonaki,H"]
[Result "1-0"]
[WhiteElo "2371"]
[BlackElo "2161"]

1.e4 c5 2.Nf3 e6 3.d4 cxd4 4.Nxd4 a6 5.Nc3 Qc7 6.Bd3 Nc6 7.Nxc6 bxc6 8.Qe2 Nf6
9.Bg5 Qb6 10.Rb1 Bb4 11.O-O e5 12.Nd1 Be7 13.Ne3 d6 14.b4 O-O 15.a4 Qd8 16.Rfd1 h6
17.Bxf6 Bxf6 18.a5 Bb7 19.Bc4 Qc7 20.Rb3 Rfd8 21.Rbd3 Bc8 22.Qd2 Be7 23.Qc3 Rb8
24.Qb3 Bf8 25.R3d2 d5 26.exd5 Bxb4 27.c3 Bd6 28.Qa2 c5 29.Bf1 e4 30.g3 Be5
31.Rc2 Kh7 32.Nc4 Bg4 33.Rdd2 Bd6 34.Nb6 Qe7 35.Qc4 h5 36.Rc1 e3 37.Qd3+ Kh8
38.Qxe3 Qf6 39.Re1 Re8 40.Qxe8+ Rxe8 41.Rxe8+ Kh7 42.Re3 Be5 43.h3 Bf5 44.Bd3 Bxd3
45.Rdxd3 Bc7 46.Nd7 Qd6 47.Ne5 h4 48.Nc4 Qg6 49.d6 Bd8 50.Ne5 Qf5 51.g4 Qf4
52.Nc6 Bg5 53.d7 Qc7 54.Re5 Bf6 55.Rh5+ Kg6 56.Ne5+  1-0

[Event "WJun Girls"]
[Site "Yerevan ARM"]
[Date "2007.10.08"]
[Round "6"]
[White "Zawadzka,J"]
[Black "Mongontuul,B"]
[Result "1/2-1/2"]
[WhiteElo "2371"]
[BlackElo "2405"]

1.e4 c5 2.Nf3 e6 3.d4 cxd4 4.Nxd4 a6 5.Nc3 Qc7 6.Bd3 Nc6 7.Nxc6 dxc6 8.O-O Nf6
9.f4 e5 10.f5 Bc5+ 11.Kh1 b5 12.a4 Bb7 13.Qf3 O-O 14.Bg5 Be7 15.Be3 Rfd8
16.b3 Rd7 17.g4 Ne8 18.Qf2 Bb4 19.Na2 Bf8 20.Bb6 Qd6 21.b4 a5 22.Bxa5 bxa4
23.Nc3 Qd4 24.Qxd4 Rxd4 25.Nxa4 Ba6 26.Nb6 Ra7 27.Bxa6 Rxa6 28.Rad1 Nf6 29.Rxd4 exd4
30.e5 Nxg4 31.Nc4 g6 32.fxg6 hxg6 33.Rf4 Nxe5 34.Rxd4 c5 35.Re4 Nxc4 36.Rxc4 cxb4
37.Bxb4 Bxb4 38.Rxb4 Ra1+ 39.Kg2 Re1 40.Kf3 Re5 41.c4 Kf8 42.Rb2 Ke7  1/2-1/2

[Event "3rd Arctic Cup"]
[Site "Salekhard RUS"]
[Date "2007.10.11"]
[Round "4"]
[White "Korjakin,A"]
[Black "Borate,S"]
[Result "1/2-1/2"]
[WhiteElo "2196"]
[BlackElo "1918"]

1.e4 c5 2.Nf3 e6 3.d4 cxd4 4.Nxd4 a6 5.Nc3 Qc7 6.Bd3 Nc6 7.Be3 Nf6 8.O-O d6
9.a4 b6 10.f4 Bb7 11.Qf3 Be7 12.Rae1 O-O 13.Qh3 Rfe8 14.Nxc6 Bxc6 15.Bd4 e5
16.fxe5 dxe5 17.Qg3 Nh5 18.Qf3 exd4 19.Qxf7+ Kh8 20.Nd5 Bxd5 21.exd5 Qd6
22.Qxh5 g6 23.Qh3 Bg5 24.Re6 Rxe6 25.dxe6 Rf8 26.Rxf8+ Qxf8 27.Qf3 Qxf3 28.gxf3 a5
29.f4 Be7 30.Kf2 Kg7 31.f5 Kf6 32.fxg6 hxg6 33.Kf3 Kxe6 34.Bxg6 Kf6 35.Bd3 Kg5
36.b3 Kh4 37.Bf5 Bd6 38.h3 Bc5 39.Ke4 Kg5 40.Bg4 Kh4 41.Kd5 Kg5 42.Kc6 Kh4
43.Kb5 Kg5 44.b4  1/2-1/2

[Event "WJun Girls"]
[Site "Yerevan ARM"]
[Date "2007.10.13"]
[Round "10"]
[White "Vega Gutierrez,S"]
[Black "Gasik,An"]
[Result "1/2-1/2"]
[WhiteElo "2331"]
[BlackElo "2191"]

1.e4 c5 2.Nf3 e6 3.d4 cxd4 4.Nxd4 a6 5.Nc3 Qc7 6.Be2 b5 7.f4 Nc6 8.Nxc6 Qxc6
9.Bf3 Bb7 10.O-O b4 11.Ne2 Rc8 12.Nd4 Bc5 13.Kh1 Bxd4 14.Qxd4 Qb5 15.Bd2 Nf6
16.e5  1/2-1/2

[Event "TCh-HUN 2007-8"]
[Site "Budapest HUN"]
[Date "2007.10.14"]
[Round "1"]
[White "Meszaros,T"]
[Black "Schneider,Ve"]
[Result "0-1"]
[WhiteElo "2442"]
[BlackElo "2247"]

1.e4 c5 2.Nf3 e6 3.d4 cxd4 4.Nxd4 a6 5.Nc3 Qc7 6.Be2 b5 7.O-O Bb7 8.Re1 Nc6
9.Nxc6 dxc6 10.e5 Rd8 11.Bd3 c5 12.Qg4 Ne7 13.Bg5 Rd4 14.Qg3 Ng6 15.Rad1 Be7
16.Bxe7 Nxe7 17.Ne4 Nf5 18.Nd6+ Qxd6 19.exd6 Nxg3 20.hxg3 Kd7 21.c3 Rxd6
22.Be4 Bxe4 23.Rxd6+ Kxd6 24.Rxe4 f5 25.Re1 Rd8 26.Kf1 e5 27.Ke2 Ke6 28.Ra1 a5
29.a4 Rb8 30.axb5 Rxb5 31.Ra2 c4 32.Kd2 f4 33.Kc2 fxg3 34.fxg3 e4 35.Ra4 Rc5
36.Kd2 Kd5 37.Ra1 Rb5 38.Kc2 h5 39.Rf1 Ke6 40.Rf8 Rg5 41.Re8+ Kf5 42.Rf8+ Kg6
43.Rc8 Rxg3 44.Rxc4 Rxg2+ 45.Kd1 h4  0-1

[Event "TCh-ROU Superliga"]
[Site "Predeal ROU"]
[Date "2007.10.14"]
[Round "2"]
[White "Baklan,V"]
[Black "Thesing,M"]
[Result "1-0"]
[WhiteElo "2639"]
[BlackElo "2393"]

1.e4 c5 2.Nf3 e6 3.Nc3 a6 4.d4 cxd4 5.Nxd4 Qc7 6.g3 Bb4 7.Bd2 Nf6 8.Bg2 Nc6
9.Nb3 Be7 10.f4 O-O 11.O-O b6 12.Qe2 d6 13.g4 Bb7 14.g5 Nd7 15.Rf3 Nc5 16.Rh3 g6
17.Qg4 Nxb3 18.cxb3 Nd4 19.Rc1 Rac8 20.Be3 e5 21.f5 Qd7 22.Rxh7  1-0

[Event "IV Veterans"]
[Site "Calvia ESP"]
[Date "2007.10.17"]
[Round "3"]
[White "Schuermans,R"]
[Black "Bellon Lopez,JuM"]
[Result "0-1"]
[WhiteElo "2219"]
[BlackElo "2434"]

1.e4 c5 2.Nf3 e6 3.Nc3 a6 4.d4 cxd4 5.Nxd4 Qc7 6.g3 Nc6 7.Bg2 Nf6 8.O-O Bc5
9.Nb3 Be7 10.a4 O-O 11.Be3 Ne5 12.Bf4 d6 13.Bxe5 dxe5 14.Qe2 Bd7 15.Rfd1 Rac8
16.h3 Rfd8 17.Rd3 Be8 18.Rxd8 Rxd8 19.Nd1 Bc6 20.c3 Qd7 21.Na5 Bxa4 22.b3 Bb5
23.c4 Bc6 24.Nxc6 Qxc6 25.Ne3 Qb6 26.Rb1 a5 27.Qc2 Bc5 28.Nd1 Qd6 29.Qc3 b6
30.Ne3 Qd3 31.Qxd3 Rxd3 32.Rd1 Rxb3 33.Rd8+ Bf8 34.g4 g5 35.c5 Rb1+ 36.Kh2 bxc5
37.Nc4 a4 38.f4 exf4 39.e5 Nd5 40.Bxd5 exd5 41.Nd6 Rb2+ 42.Kg1 a3 43.Nf5 a2
44.Nh6+ Kg7 45.Nf5+ Kg6 46.Ne7+ Bxe7 47.Rg8+ Kh6  0-1

[Event "IV Veterans"]
[Site "Calvia ESP"]
[Date "2007.10.17"]
[Round "3"]
[White "Mercadal Melia,D"]
[Black "Mikoleizig,E"]
[Result "0-1"]
[WhiteElo "1986"]
[BlackElo "2217"]

1.e4 c5 2.Nf3 e6 3.d4 cxd4 4.Nxd4 a6 5.Nc3 Qc7 6.Be3 Nf6 7.Be2 Nc6 8.O-O d6
9.f4 Bd7 10.Nxc6 Bxc6 11.Bd3 b5 12.a3 g6 13.Qe2 Bg7 14.f5 exf5 15.exf5 O-O
16.fxg6 fxg6 17.Rae1 Rae8 18.Qd1 Qb7 19.Rf2 Nd7 20.Rxf8+ Rxf8 21.Bf1 Qc7
22.Nd5 Qd8 23.Qd2 Ne5 24.Bg5 Qd7 25.Ne7+ Kh8 26.Nxc6 Qxc6 27.Be2 Nc4 28.Bxc4 Qxc4
29.c3 Be5 30.Qe2 Rf5 31.Qxc4 bxc4 32.Be7 Rf7 33.Bg5 Kg7 34.Rd1 Rb7 35.Rd2 Kf7
36.h3 Ke6 37.g4 Rf7 38.Kg2 Kd7 39.Rd5 Kc6 40.Rd2 Kb5 41.Be3 Ka4 42.Re2 Kb3
43.Bc1 a5 44.Be3 a4 45.Bc1 Bg7 46.Bg5 Ka2 47.Be3 Kb1 48.Bb6 Rb7 49.Ba5 Rxb2
50.Rxb2+ Kxb2 51.Bb4 d5  0-1

[Event "TCh-ROU Superliga"]
[Site "Predeal ROU"]
[Date "2007.10.19"]
[Round "7"]
[White "Thesing,M"]
[Black "Parligras,M"]
[Result "1/2-1/2"]
[WhiteElo "2393"]
[BlackElo "2553"]

1.e4 c5 2.Nc3 e6 3.Nf3 a6 4.d4 cxd4 5.Nxd4 d6 6.Bd3 Nf6 7.O-O Nbd7 8.f4 Qb6
9.Be3 Qxb2 10.Ndb5 axb5 11.Nxb5 Qb4 12.Nc7+ Kd8 13.Nxa8 Qa5 14.Nb6 Nxb6 15.Qe1 Qa7
16.a4 Nfd7 17.a5 Nc5 18.axb6 Qxb6 19.Qc3 h5 20.Rfd1 Qc7 21.Bd4 Rg8 22.Bb5 Nd7
23.Qe3 g5 24.Bxd7 gxf4 25.Qxf4 Qxd7 26.Bf6+ Ke8 27.Ra8 Qc6 28.g3 Rg4 29.Qe3 Kd7
30.Rd4 Be7 31.Bxe7 Kxe7 32.e5 Rxd4 33.Qxd4 dxe5 34.Qb4+ Kd7 35.Qf8 f5 36.Qg7+ Kd6
37.Qf8+ Kd7 38.Qg7+  1/2-1/2

[Event "ch-ISL Rapid"]
[Site "Reykjavik ISL"]
[Date "2007.10.20"]
[Round "4.1"]
[White "Bergsson,Sn"]
[Black "Stefansson,H"]
[Result "1/2-1/2"]
[WhiteElo "2298"]
[BlackElo "2574"]

1.e4 c5 2.Nf3 e6 3.d4 cxd4 4.Nxd4 a6 5.Nc3 b5 6.Bd3 d6 7.O-O Nf6 8.Qe2 Bb7
9.Bd2 Nbd7 10.Kh1 Nc5 11.Rae1 Be7 12.f4 b4 13.Nd1 Ncxe4 14.Bxb4 O-O 15.Nf2 d5
16.Bxe7 Qxe7 17.c3 g6 18.Nh3 a5 19.a4 Nc5 20.Bb5 Nfe4 21.Ng1 Qd6 22.Qe3 f6
23.Rd1 e5 24.Nde2 Rad8 25.Nf3 Ne6 26.Qa7 Qc7 27.b4 Ra8 28.Qe3 exf4 29.Qd3 Rfc8
30.Nfd4 Nxd4 31.Qxd4 g5 32.bxa5 Qc5 33.a6 Bxa6 34.Qxd5+ Qxd5 35.Rxd5 Nxc3
36.Nxc3 Rxc3 37.h4 Rg3 38.hxg5 fxg5 39.Rd7 Bxb5 40.axb5 Rf8 41.b6 Rb3 42.b7 Rb8
43.Rd5 h6 44.Rd6 R8xb7 45.Rxh6 Kg7 46.Rc6 Rb1 47.Rxb1 Rxb1+ 48.Kh2 g4 49.Rc4 Rf1
50.g3 fxg3+  1/2-1/2

[Event "Open A"]
[Site "Arco di Trento ITA"]
[Date "2007.10.21"]
[Round "2"]
[White "Pipitone,A"]
[Black "Valenti,G"]
[Result "0-1"]
[WhiteElo "2028"]
[BlackElo "2207"]

1.e4 c5 2.Nf3 e6 3.d4 cxd4 4.Nxd4 a6 5.Nc3 Qc7 6.Bd3 b5 7.a3 Bb7 8.O-O Nf6
9.Qe2 d6 10.f4 Be7 11.Nf3 Nbd7 12.Kh1 Rc8 13.Be3 O-O 14.Rad1 Rfe8 15.Bd4 e5
16.Be3 Bf8 17.f5 d5 18.Bg5 d4 19.Nb1 Qc6 20.Rfe1 h6 21.Bh4 Nc5 22.Nbd2 Na4
23.Rb1 Nb6 24.Bg3 Bd6 25.Rbc1 Nc4 26.c3 Nxb2 27.cxd4 Qxc1 28.Rxc1 Rxc1+ 29.Ng1 Nxd3
30.Qxd3 Rd1 31.Qe2 Rxd2 32.Qxd2 Nxe4 33.Qb2 Nxg3+ 34.hxg3 e4 35.Ne2 Bd5 36.Kh2 e3
37.Kh3 Bc4 38.g4 Bxa3 39.Qxa3 Bxe2 40.Qd6 Bxg4+  0-1

[Event "Open A"]
[Site "Arco di Trento ITA"]
[Date "2007.10.21"]
[Round "2"]
[White "Rigo,G"]
[Black "Friedrich,N"]
[Result "0-1"]
[WhiteElo "2063"]
[BlackElo "2313"]

1.e4 c5 2.Nf3 e6 3.d4 cxd4 4.Nxd4 a6 5.Nc3 Qc7 6.Bd3 Nf6 7.Be3 b5 8.O-O Bb7
9.a3 d6 10.f4 Nbd7 11.Qf3 Be7 12.Qh3 Nc5 13.Rae1 Nfxe4 14.Nxe4 Nxe4 15.Bxe4 Bxe4
16.Bf2 d5 17.Re3 O-O 18.Rc3 Qxf4 19.Bg3 Qg5 20.Bf4 Qh4 21.Qe3 Bf6 22.Bg3 Qg5
23.Qxg5 Bxg5 24.Be5 Rac8 25.Rg3 Bh6 26.c3 g6 27.Ne2 Bg7 28.Bd6 Rfd8 29.Be7 Re8
30.Bg5 e5 31.Re3 f5 32.Ng3 Bc2 33.Rfe1 Kf7 34.R3e2 Bb3 35.Nf1 Bc4 36.Rd2 f4
37.Bh4 h6 38.Bf2 e4 39.Bd4 e3 40.Rc2 Bd3 41.Rcc1 Bxd4 42.cxd4 Rc4 43.h3 Rec8
44.Rcd1 Be4 45.Nh2 Rc2 46.Nf3 Bxf3 47.gxf3 Rxb2 48.Rc1 Rc4 49.Red1 Kf6 50.h4 g5
51.h5 Kf5 52.Rxc4 bxc4 53.Kh1 Rd2 54.Re1 c3  0-1

[Event "TCh-BEL 2007-8"]
[Site "Belgium BEL"]
[Date "2007.10.21"]
[Round "2"]
[White "Docx,S"]
[Black "Kveinys,A"]
[Result "1-0"]
[WhiteElo "2318"]
[BlackElo "2517"]

1.e4 c5 2.Nf3 e6 3.d4 cxd4 4.Nxd4 a6 5.Nc3 Qc7 6.Bd3 Nf6 7.O-O Bc5 8.Nb3 Be7
9.f4 d6 10.Qf3 Nbd7 11.a4 b6 12.Bd2 Bb7 13.Rae1 O-O 14.Qh3 e5 15.g4 g6 16.f5 Rfe8
17.Bg5 Rac8 18.Qh4 Qd8 19.fxg6 hxg6 20.Qf2 Rf8 21.Qh4 Nd5 22.Bxe7 Qxe7 23.Qxe7 Nxe7
24.Nd2 Kg7 25.Nc4 Rc6 26.Rf2 g5 27.Nd5 Ng6 28.Nb4 Rc7 29.Nxd6 a5 30.Nf5+ Kh8
31.Nd5 Bxd5 32.exd5 Nf4 33.Re3 Rd8 34.Rxf4 exf4 35.Re7 Rc5 36.Nd6 Kg8 37.Nxf7 Rxd5
38.Nxd8 Ne5 39.Re8+ Kg7 40.Be4 Rd1+ 41.Kf2 Nxg4+ 42.Ke2 Rb1 43.h3 Nf6 44.Re7+ Kg8
45.Bf5 Nh5 46.Bg6 Ng7 47.Rb7 Kf8 48.Rf7+ Kg8 49.Nc6  1-0

[Event "Open A"]
[Site "Arco di Trento ITA"]
[Date "2007.10.23"]
[Round "4"]
[White "Niccoli,P"]
[Black "Grom,W"]
[Result "0-1"]
[WhiteElo "1861"]
[BlackElo "2014"]

1.e4 c5 2.Nf3 e6 3.d4 cxd4 4.Nxd4 a6 5.Nc3 Qc7 6.Bd3 Nf6 7.O-O Bc5 8.Be3 d6
9.Kh1 Nbd7 10.f4 O-O 11.Qf3 Rb8 12.Rae1 b5 13.Nce2 g6 14.Ng3 e5 15.Nb3 Bxe3
16.Qxe3 exf4 17.Qxf4 Ne8 18.Nd4 Ne5 19.h4 Ng7 20.h5 gxh5 21.Ngf5 f6 22.Re3 Kh8
23.Rg3 Nxf5 24.exf5 Qf7 25.Be4 Bd7 26.Rd1 Rg8 27.Rxg8+ Rxg8 28.Nf3 Rg4 29.Qe3 Nc4
30.Qe2 Qe7 31.Re1 Nxb2 32.Qe3 Nc4 33.Qh6 Ne5 34.Qxh5 Qg7 35.Nxe5 dxe5 36.Rd1 Rxe4
37.Qf3 Rh4+ 38.Kg1 e4 39.Qc3 Rg4 40.Qc7 Rxg2+ 41.Kh1 h5 42.Qd8+ Be8 43.Qxe8+ Kh7
44.Qxh5+ Qh6 45.Rd7+ Rg7 46.Qxh6+ Kxh6 47.Rd6 Kg5 48.Rxa6 Kxf5 49.Rb6 e3
50.Rxb5+ Kf4 51.Rb4+ Kf3 52.Rb6 f5 53.Re6 f4 54.a4 e2  0-1

[Event "Open A"]
[Site "Arco di Trento ITA"]
[Date "2007.10.24"]
[Round "5"]
[White "Nicholson,JG"]
[Black "Giovannini,R"]
[Result "1-0"]
[WhiteElo "2170"]
[BlackElo "2013"]

1.e4 c5 2.Nf3 e6 3.d4 cxd4 4.Nxd4 a6 5.Nc3 Qc7 6.Bd3 b5 7.O-O Bb7 8.Kh1 Nf6
9.Qe2 Bc5 10.Nb3 Bb6 11.Bg5 Nc6 12.Rae1 h5 13.Bxf6 gxf6 14.f4 O-O-O 15.a4 b4
16.Nd1 a5 17.Ba6 Ne7 18.Ne3 d5 19.exd5 Nxd5 20.Bxb7+ Kxb7 21.Nxd5 Rxd5 22.f5 Re5
23.Qf3+ Kb8 24.fxe6 Rxe6 25.Rxe6 fxe6 26.Qxf6 Re8 27.Nd4 Bxd4 28.Qxd4 Rd8
29.Qe4 e5 30.h3 Rd4 31.Rf8+ Ka7 32.Qa8+ Kb6 33.Rb8+  1-0

[Event "ch-Euro Blitz"]
[Site "Ajaccio FRA"]
[Date "2007.10.25"]
[Round "9"]
[White "Riff,JN"]
[Black "Cvitan,O"]
[Result "1-0"]
[WhiteElo "2474"]
[BlackElo "2543"]

1.e4 c5 2.Nf3 e6 3.Nc3 a6 4.d4 cxd4 5.Nxd4 d6 6.Be2 Nf6 7.O-O Be7 8.Kh1 O-O
9.f4 Qc7 10.a4 Nc6 11.Be3 Re8 12.Bg1 Bd7 13.Nf3 b6 14.Bd3 Nb4 15.Qe2 Bc6
16.Bd4 Nd7 17.Ng5 h6 18.Nxf7 Kxf7 19.Qg4 Nf6 20.Bxf6 Bxf6 21.e5 dxe5 22.fxe5 Nxd3
23.exf6 gxf6 24.cxd3 Qe5 25.Ne4 f5 26.Qh5+ Kg7 27.Rae1 fxe4 28.Qd1 Rh8  1-0

[Event "ch-Euro Blitz"]
[Site "Ajaccio FRA"]
[Date "2007.10.25"]
[Round "12"]
[White "Philippe,C"]
[Black "Mchedlishvili,M"]
[Result "0-1"]
[WhiteElo "2376"]
[BlackElo "2631"]

1.e4 c5 2.Nf3 e6 3.d4 cxd4 4.Nxd4 a6 5.Nc3 Qc7 6.Bd3 Nf6 7.Qe2 d6 8.O-O Nbd7
9.Kh1 b5 10.f4 Be7 11.Bd2 g6 12.Rae1 b4 13.Nd1 e5 14.Nf3 a5 15.Ne3 O-O 16.fxe5 dxe5
17.Nd5 Nxd5 18.exd5 f6 19.Bh6 Rf7 20.d6 Qxd6 21.Bc4 Ba6 22.Bxf7+ Kxf7 23.Qe4 Rc8
24.Rd1 Qc6 25.Qxc6 Rxc6 26.Rxd7 Bxf1 27.Kg1 Bc4 28.Be3 Be6 29.Ra7 Rxc2 30.b3 Bd5
31.Ne1 Rc3 32.Kf2 Ke6 33.Ra6+ Rc6 34.Rxa5 f5 35.Ra4 f4 36.Bd2 Rb6 37.Nc2 Bc5+
38.Kf1 Bc6 39.Ra5 Bd6 40.Ra7 Be4 41.Ne1 g5 42.Nf3 h6 43.Rg7 Ra6 44.h4 gxh4
45.Nxh4 Rxa2 46.Be1 Bf8  0-1

[Event "ch-Euro Blitz"]
[Site "Ajaccio FRA"]
[Date "2007.10.25"]
[Round "18"]
[White "Philippe,C"]
[Black "Cvitan,O"]
[Result "1-0"]
[WhiteElo "2376"]
[BlackElo "2543"]

1.e4 c5 2.Nf3 e6 3.d4 cxd4 4.Nxd4 a6 5.Nc3 d6 6.Bd3 Nf6 7.Qe2 b5 8.Bd2 Bb7
9.O-O Be7 10.Kh1 O-O 11.f4 Nc6 12.Nxc6 Bxc6 13.Rae1 b4 14.Nd1 d5 15.e5 Ne4
16.Nf2 Nxd2 17.Qxd2 Bb5 18.Ng4 Bxd3 19.cxd3 Qd7 20.Rf3 Rac8 21.Rh3 Qc6 22.Nf6+ Bxf6
23.exf6 Qc2 24.Qe3 Qxb2 25.fxg7 Rfd8 26.f5 exf5 27.Qh6 Qxg7 28.Rg3 Qg6 29.Rxg6+ hxg6
30.h4 Re8 31.Rxe8+ Rxe8 32.h5 Re6 33.hxg6 fxg6 34.Qf4 a5 35.Qb8+ Kf7 36.Qb5 Re3
37.Qxd5+ Re6 38.Qxa5 Kf6 39.Qxb4 g5 40.a4 g4 41.Qf4 Re1+ 42.Kh2 Kg6 43.a5 Ra1
44.Qd6+ Kh5 45.Qe5 Rf1 46.Kg3 Kg6 47.a6 Rd1 48.Qd6+ Kh5 49.a7 Rxd3+ 50.Qxd3  1-0

[Event "ch-Euro Blitz"]
[Site "Ajaccio FRA"]
[Date "2007.10.26"]
[Round "24"]
[White "Humeau,C"]
[Black "Cvitan,O"]
[Result "1/2-1/2"]
[WhiteElo "2159"]
[BlackElo "2543"]

1.e4 c5 2.Nf3 e6 3.d4 cxd4 4.Nxd4 a6 5.Nc3 d6 6.Be2 Nf6 7.Be3 Qc7 8.O-O Be7
9.a4 Nc6 10.Qd2 O-O 11.Rad1 Re8 12.Nb3 b6 13.f4 Bb7 14.Bf3 Rad8 15.Qe2 Nd7
16.Rd2 Nc5 17.Nxc5 bxc5 18.Rfd1 Bf6 19.g4 Nd4 20.Qf2 Nxf3+ 21.Qxf3 Qb6 22.g5 Be7
23.b3 Qb4 24.Rd3 f5 25.gxf6 Bxf6 26.Bd2 Qb6 27.Ne2 c4+ 28.Be3 Qc6 29.bxc4 Qxe4
30.Qxe4 Bxe4 31.Rxd6 Bxc2 32.Rxd8 Rxd8 33.Rxd8+ Bxd8 34.Nd4 Bxa4 35.Nxe6 Be7
36.Nc5 Bxc5 37.Bxc5 Bb3 38.Bb4 Bxc4 39.Kf2 Kf7 40.Ke3 Ke6 41.Ke4 g6 42.Bc3 Bb5
43.Bb4 Bc6+ 44.Kd4 Kf5 45.Ke3 Kg4 46.Bd6 Kh3 47.Kf2 Kxh2 48.f5+ Kh3 49.fxg6 hxg6
50.Ke3 a5 51.Kd4 a4 52.Kc3 Kg4 53.Kb4 Kf5 54.Ka3 g5 55.Bh2 g4 56.Bc7 Ke4
57.Bd6 Kf3 58.Ka2 Ke4  1/2-1/2

[Event "ch-Euro Blitz"]
[Site "Ajaccio FRA"]
[Date "2007.10.26"]
[Round "32"]
[White "Philippe,C"]
[Black "Paci,R"]
[Result "1-0"]
[WhiteElo "2376"]
[BlackElo "1979"]

1.e4 c5 2.Nf3 e6 3.d4 cxd4 4.Nxd4 a6 5.Nc3 Qc7 6.Bd3 Nf6 7.Qe2 d6 8.f4 g6
9.O-O Bg7 10.Kh1 Nc6 11.Nxc6 Qxc6 12.Bd2 O-O 13.Qf2 b5 14.a3 Qc5 15.Qh4 Bb7
16.Rae1 Rae8 17.e5 dxe5 18.fxe5 Nd5 19.Ne4 Qe7 20.Nf6+ Nxf6 21.exf6  1-0

[Event "Open A"]
[Site "Arco di Trento ITA"]
[Date "2007.10.26"]
[Round "7"]
[White "Valenti,G"]
[Black "Ricci,Alf"]
[Result "1-0"]
[WhiteElo "2207"]
[BlackElo "2010"]

1.e4 c5 2.Nf3 e6 3.d4 cxd4 4.Nxd4 a6 5.Nc3 Qc7 6.g3 b5 7.Bg2 Bb7 8.O-O d6
9.Re1 Nd7 10.a4 b4 11.Na2 Ngf6 12.c3 bxc3 13.Nxc3 Be7 14.h3 O-O 15.g4 Ne5
16.g5 Nfd7 17.f4 Nc6 18.Nxc6 Bxc6 19.Nd5 Bxd5 20.exd5 e5 21.f5 Rab8 22.Qg4 Rfc8
23.f6 Bf8 24.fxg7 Bxg7 25.Be4 Nf8 26.h4 Qa5 27.Be3 Rc7 28.Re2 Rb3 29.Rf1 Qb4
30.h5 Rxb2 31.Rxb2 Qxb2 32.g6 hxg6 33.hxg6 fxg6 34.Bxg6 Qb3 35.Rxf8+ Kxf8
36.Qf5+ Kg8 37.Qe6+  1-0

[Event "22nd GP Open A"]
[Site "Le Touquet FRA"]
[Date "2007.10.31"]
[Round "6"]
[White "Simon,O"]
[Black "Handke,F"]
[Result "0-1"]
[WhiteElo "2397"]
[BlackElo "2497"]

1.e4 c5 2.Nf3 e6 3.Nc3 a6 4.d4 cxd4 5.Nxd4 Qc7 6.Bd3 Nf6 7.Qe2 d6 8.f4 Nbd7
9.g4 Nc5 10.g5 Nfd7 11.Bd2 b5 12.b4 Nxd3+ 13.cxd3 g6 14.Rc1 Qb7 15.Nb3 Bg7
16.Na5 Qb6 17.Qf2 Qxf2+ 18.Kxf2 f6 19.h4 O-O 20.Ke2 d5 21.exd5 e5 22.Nc6 exf4
23.Bxf4 fxg5 24.Bxg5 Nb6 25.Ne7+ Kh8 26.Be3 Bg4+ 27.Kd2 Nd7 28.Ne4 a5 29.a3 axb4
30.axb4 Ne5 31.Nc3 Ra3 32.d4 Nc4+ 33.Kd3 Nxe3 34.Kxe3 Bh6+ 35.Ke4 Bf3+  0-1

[Event "TCh-BEL 2007-8"]
[Site "Belgium BEL"]
[Date "2007.11.04"]
[Round "3"]
[White "Vandevoort,P"]
[Black "Docx,S"]
[Result "1/2-1/2"]
[WhiteElo "2375"]
[BlackElo "2318"]

1.e4 c5 2.Nc3 e6 3.Nf3 a6 4.d4 cxd4 5.Nxd4 Qc7 6.Bd3 Nf6 7.f4 d6 8.Qf3 Nbd7
9.g4 Nc5 10.g5 Nfd7 11.Bd2 b5 12.a3 Bb7 13.h4 Nb6 14.b4 Ncd7 15.O-O Nc4 16.Be1 g6
17.Qe2 Bg7 18.Bf2 O-O 19.Bxc4  1/2-1/2

[Event "13th Venice Autumn"]
[Site "Venice ITA"]
[Date "2007.11.04"]
[Round "6"]
[White "Pfeifer,And"]
[Black "Opacic,A"]
[Result "1/2-1/2"]
[WhiteElo "2131"]
[BlackElo "2109"]

1.e4 c5 2.Nf3 e6 3.d4 cxd4 4.Nxd4 a6 5.Nc3 Bb4 6.g3 Nf6 7.Bg2 d6 8.O-O O-O
9.Qd3 Ba5 10.h3 Nbd7 11.Nb3 Ne5 12.Qe2 Bb6 13.Be3 Bd7 14.Rad1 Bxe3 15.Qxe3 Nc4
16.Qd4 Qc7 17.Nd2 Nxb2 18.Rb1 Rac8 19.Nd5 exd5 20.Rxb2 dxe4 21.Nxe4 Nxe4
22.Bxe4 b5 23.Rd1 Bxh3 24.Bxh7+ Kxh7 25.Qh4+ Kg8 26.Qxh3 Qc3 27.Rb3 Qf6 28.Kg2 Rxc2
29.Rf3 Qe6 30.Qh2 Qh6 31.Qxh6 gxh6 32.Ra3 Rc6 33.Rad3 Rd8 34.Rd5 Kg7 35.R1d4 Rc4
36.Rd3 Rc2 37.a4 bxa4 38.Ra5 Rc6 39.Rxa4 d5 40.Rad4 Rcd6 41.Rf3 f6 42.g4 Kf7
43.Rf5 Ke6 44.Rh5 Rg8 45.Kf3 Rc8 46.Rxh6 Rc4 47.Rd3 Kd7 48.Rh1 Kc6 49.Rh5 a5
50.Rh8 a4 51.Ra8 Rb4 52.Ra5 d4 53.Ke4 Re6+ 54.Kf4 Rd6 55.Ke4 Re6+ 56.Kf4 Rc4
57.Ra6+ Kd7 58.Ra7+ Kc8 59.Kf5 Re2 60.Rf3 Rb2 61.Ke4 Kb8 62.Ra5 Rb6 63.Kd5 Rcb4
64.Rd3 Kb7 65.f4 Kc7 66.Ra7+ Kb8 67.Ra5 Rb7 68.Kc5 Rb3 69.Rxd4 a3 70.Rda4 Rf3
71.Rxa3 Rxf4 72.R3a4 Rf1 73.Rb5 Rxb5+ 74.Kxb5 Kc7 75.Rd4 Re1 76.Rf4 Re6 77.Kc5 Kd7
78.Kd5 Re5+ 79.Kd4 Re6 80.Re4 Ra6 81.Ke3 Ra1 82.Kf4 Rf1+ 83.Kg3  1/2-1/2

[Event "ch-IND w"]
[Site "Pune IND"]
[Date "2007.11.07"]
[Round "2"]
[White "Nimmy,A"]
[Black "Sachdev,T"]
[Result "1/2-1/2"]
[WhiteElo "2196"]
[BlackElo "2413"]

1.e4 c5 2.Nf3 e6 3.d4 cxd4 4.Nxd4 a6 5.Nc3 Qc7 6.Be2 Nf6 7.a3 Nc6 8.Be3 b5
9.f4 Bb7 10.Bf3 d6 11.O-O Na5 12.Kh1 Nc4 13.Bc1 Rd8 14.Qe1 Be7 15.b3 Nb6
16.Bb2 g6 17.e5 dxe5 18.fxe5 Nfd5 19.Ne4 O-O 20.Nf6+ Nxf6 21.exf6 Bxf6 22.Nxb5 axb5
23.Bxf6 Bxf3 24.Rxf3 Rd5 25.Qh4 Nd7 26.Bd4 Qxc2 27.Raf1 Rf5 28.Rxf5 exf5
29.h3 Qxb3 30.Kh2 Qd5 31.Re1 Qd6+ 32.Kh1 f6 33.Bc3 Rf7 34.Bb4 Qb8 35.Qd4 Kg7
36.Re6 Ne5 37.Rb6 Qc7 38.Rxb5 Rd7 39.Rd5 Qc1+ 40.Kh2 Rxd5 41.Qxd5 Qf4+ 42.Kh1 Qf1+
43.Kh2 Qf4+ 44.Kh1 Qf1+ 45.Kh2 Qf4+ 46.Kh1  1/2-1/2

[Event "ch-IND w"]
[Site "Pune IND"]
[Date "2007.11.09"]
[Round "5"]
[White "Savetha,C"]
[Black "Uthra,P"]
[Result "0-1"]
[WhiteElo "1968"]
[BlackElo "2055"]

1.e4 c5 2.Nf3 e6 3.d4 cxd4 4.Nxd4 a6 5.Nc3 Qc7 6.Be2 Nf6 7.Be3 Bb4 8.Qd3 Nxe4
9.Bd2 Nxd2 10.Qxd2 O-O 11.O-O Bxc3 12.bxc3 Nc6 13.Rab1 d5 14.f4 Nxd4 15.cxd4 Bd7
16.Rf3 Rfc8 17.c3 b5 18.Bd3 f5 19.Rb3 Rab8 20.Rh3 a5 21.Bf1 Qd6 22.Qf2 Qe7
23.a3 b4 24.axb4 axb4 25.Rxb4 Rxb4 26.cxb4 Qxb4 27.Qe3 Qb1 28.Qb3 Qa1 29.Qb6 h6
30.Rf3 Kh7 31.Rf2 Rc1 32.g3 Rb1 33.Qd6 Bb5 34.Qxe6 Rxf1+  0-1

[Event "TCh-HUN 2007-8"]
[Site "Budapest HUN"]
[Date "2007.11.11"]
[Round "2"]
[White "Horvath,And"]
[Black "Horvath,Gy1"]
[Result "1/2-1/2"]
[WhiteElo "2312"]
[BlackElo "2419"]

1.e4 c5 2.Nf3 e6 3.Nc3 a6 4.d4 cxd4 5.Nxd4 Qc7 6.Be2 b5 7.O-O Bb7 8.Re1 Nc6
9.Nxc6 dxc6 10.e5 Bb4 11.Bf3 Ne7 12.Bd2 Bxc3 13.Bxc3 Rd8 14.Qe2 c5 15.Ba5 Qxa5
16.Bxb7 O-O 17.c3 Rd7 18.Be4 Rfd8 19.h3 Rd2 20.Qe3 Qc7 21.Re2 Rxe2 22.Qxe2 Ng6
23.Bxg6 hxg6 24.Re1 c4 25.Qe4 Rd5 26.Re2 a5 27.a3 a4 28.Kh2 f5 29.Qf4 Kf7
30.h4 Qd8 31.Re4 Rd2 32.Rd4 Rxd4 33.cxd4 Qe7 34.g3 b4 35.axb4 Qxb4 36.h5 Qxb2
37.hxg6+ Kxg6 38.d5 exd5 39.g4 Qc2 40.e6 Kf6 41.gxf5 Qe4 42.Qc7 Qh4+ 43.Kg1 Kxf5
44.e7 Qg5+ 45.Kf1 Qc1+ 46.Kg2 Qg5+ 47.Kf1 Qc1+ 48.Kg2  1/2-1/2

[Event "ch-IND w"]
[Site "Pune IND"]
[Date "2007.11.13"]
[Round "9"]
[White "Amrutha,M"]
[Black "Uthra,P"]
[Result "1-0"]
[WhiteElo "2159"]
[BlackElo "2055"]

1.e4 c5 2.Nf3 e6 3.d4 cxd4 4.Nxd4 a6 5.Nc3 Qc7 6.g3 b5 7.Bg2 Bb7 8.O-O Nf6
9.Re1 d6 10.Bg5 Be7 11.Bxf6 gxf6 12.Qh5 Qc4 13.Rad1 Nd7 14.Bf1 Qc5 15.Nxe6 Qxh5
16.Ng7+ Kf8 17.Nxh5 Ne5 18.Bg2 Rc8 19.Rc1 Nc4 20.Nd1 Rc5 21.g4 Ne5 22.b4 Rc4
23.Ne3 Rxb4 24.f4 Nc4 25.Nf5 Bc8 26.Nh6 Bd8 27.Kh1 Ke7 28.Rb1 Ra4 29.Ra1 Bb6
30.Re2 Rd8 31.c3 Ne3 32.Bf3 Kf8 33.Nxf6 Kg7 34.g5 Bb7 35.Rxe3 Bxe3 36.Nf5+ Kh8
37.Nxe3 Ra3 38.Ned5 a5 39.Kg2 Rc8 40.Kg3 b4 41.cxb4 axb4 42.Rb1 Ba6 43.Rxb4 Rxa2
44.Rb6 Ra3 45.Kg4 Rd8 46.Rc6 Ra1 47.f5 Bb7 48.Rc7 Bxd5 49.Nxd5 Kg7 50.Kh5 Ra3
51.Bg4 Re8 52.f6+ Kg8 53.Bf5 Ra2 54.h3 Ra3 55.h4 Ra1 56.Kh6 Rh1 57.h5 Ra8
58.Bxh7+ Kh8 59.Rxf7 Re8 60.Ne7 Rxh5+ 61.Kxh5 Rg8 62.Bxg8 d5 63.Rh7+  1-0

[Event "ch-IND w"]
[Site "Pune IND"]
[Date "2007.11.14"]
[Round "10"]
[White "Priya,P"]
[Black "Amrutha,M"]
[Result "1-0"]
[WhiteElo "2129"]
[BlackElo "2159"]

1.e4 c5 2.Nc3 a6 3.Nf3 e6 4.d4 cxd4 5.Nxd4 b5 6.Be2 Bb7 7.O-O d6 8.Re1 Nd7
9.Bf3 Ngf6 10.g3 Be7 11.a4 b4 12.Na2 a5 13.c3 bxc3 14.Nxc3 O-O 15.Ndb5 Ne5
16.Bg2 Qb8 17.f4 Nc6 18.Be3 Nb4 19.Bd4 e5 20.Be3 Rd8 21.Nd5 Bxd5 22.exd5 e4
23.Bd4 Nbxd5 24.Bxe4 Nxe4 25.Rxe4 Qb7 26.Qf3 Nf6 27.Bxf6 gxf6 28.f5 d5 29.Rh4 Bf8
30.Rd1 Rac8 31.Rd2 Qb6+ 32.Kg2 Rc1 33.Rhd4 Bh6 34.Re2 Qc5 35.Qg4+ Bg7 36.Nc3 Qc6  1-0